01379nam a2200277 a 4500001001000000005001700010008004100027041000800068044000800076084002000084100004500104245014700149260004400296300002200340500024000362500013000602500004800732500001100780546002400791650005200815650005600867650003400923650004500957700004901002740005001051BRCA_335720190320204236.0260309s1892----enka---###---#000-0#eng-# aeng aenk a651b.P38c18921 aCervantes Saavedra, Miguel ded1547-161610aThe History of the Ingenious Gentleman Don Quixote of La ManchacTranslated from the Spanish of Miguel de Cervantes Saavedra by P. A. Motteux. aLondresbWilliam Paterson and Co.c1892 a4 v.bil.c24 cm. aContenido : v.1. Primera parte. Retrato de Cervantes por Lalauze. Vida de Cervantes por Lockhart. Prólogo del autor. -- v.2. Primera parte. Texto. Notas. -- v.3. Segunda parte. Prólogo del autor. -- v.4. Segunda parte. Texto. Notas aReimpresión de la traducción de Motteux, publicada en Edinburgo (1879-84), por los mismos editores. Tela Lúdovik Osterc aEstado físico : v.2. cubierta desprendida aQM1023 aTexto en : inglés14aNovela españolayÉpoca clásica, 1500-170014aLiteratura españolayÉpoca clásica, 1500-170014aNovela españolaySiglo XVII14aDon Quijote (Personaje ficticio)eNovela1 aMotteux, Peter Anthonyd1663-1718eTraductor0 aEl Ingenioso Hidalgo Don Quijote de la Mancha